Statistics for New Testament Bible Books

Click here to take the quiz!

General Stats

  • This quiz has been taken 860 times
    (852 since last reset)
  • The average score is 21 of 26

Answer Stats

HintAnswer% Correct
John
99%
Mark
99%
Matthew
99%
Luke
98%
Acts
92%
Revelation
92%
Romans
91%
1 Corinthians
83%
1 John
83%
2 Corinthians
83%
2 John
83%
3 John
79%
Jude
76%
1 Peter
73%
2 Peter
73%
Ephesians
73%
Galatians
73%
1 Timothy
71%
2 Timothy
71%
James
71%
Hebrews
70%
Colossians
67%
1 Thessalonians
66%
2 Thessalonians
66%
Philippians
64%
Philemon
58%

Score Distribution

Percentile by Number Answered

Percent of People with Each Score

Your Score History

You have not taken this quiz since the last reset